000 01126nam a2200289 a 4500
001 63422
005 20180714065837.0
008 150828s2007 mx ae r 000 0 spa d
020 _a9789685122986
040 _aMX-PuUPA
_bspa
_erda
_cMx-PuUPA
_dMx-PuUPA
041 0 _aspa
082 0 _a972.07
_bSAL
100 1 _aSalazar Exaire, Celia,
_eautor
245 1 0 _aEntre la fe y la guerra :
_bmemoria e identidad en torno al fuerte de loreto /
_cCelia Salazar Exaire, Margarita Piña Loredo, Enrique Gómez Osorio, Jesús Joel Peña Espinosa.
250 _aPrimera edición
264 1 _aPuebla, México :
_bUniversidad de las Améericas Puebla,
_c2007
300 _a135 páginas :
_bilustraciones (principalmente a color), planos ;
_c23 cm.
336 _atexto
_2rdacontent
337 _asin mediación
_2rdamedia
338 _avolumen
_2rdacarrier
650 4 _aMonumentos Históricos
_zPuebla (Ciudad)
651 4 _aMéxico
_xHistoria
651 4 _aPuebla
_xHistoria
700 1 _aPiña Loredo, Margarita
_eautor
700 1 _aGómez Osorio, Enrique
_eautor
700 1 _aPeña Espinosa, Jesús Joel
_eautor
999 _c63422
_d63422